Harry Potter characters by initials Quiz Stats

 Plays Quiz not verified by Sporcle

Support Sporcle.
Go Orange.
Score 0/80 Timer 10:00
0 Plays Today
Initials Character % Correct
HPHarry Potter
99.6%
RWRon Weasley
95.3%
HGHermione Granger
93.7%
ADAlbus Dumbledore
90.9%
SSSeverus Snape
88.2%
RHRubeus Hagrid
86.4%
TRTom Riddle
86.2%
FWFred Weasley
84.8%
MWMolly Weasley
84.8%
GWGinny Weasley
84.2%
GWGeorge Weasley
84.2%
VDVernon Dursley
83.8%
AWArthur Weasley
83.5%
BWBill Weasley
83.3%
CWCharlie Weasley
83.1%
DDDudley Dursley
83%
PDPetunia Dursley
82.8%
MMMinerva McGonagall
82.7%
PWPercy Weasley
81.1%
NLNeville Longbottom
80.9%
SBSirius Black
80.3%
DMDraco Malfoy
79.7%
JPJames Potter
78.6%
RLRemus Lupin
78.5%
LPLily Potter
78.1%
DTDean Thomas
77.2%
LMLucius Malfoy
76.9%
LLLuna Lovegood
76.7%
CDCedric Diggory
75.6%
CCColin Creevey
75.2%
LJLee Jordan
74.8%
LBLavender Brown
74.8%
PPPeter Pettigrew
73.6%
KBKatie Bell
73.6%
DDobby
73%
SFSeamus Finnigan
72.2%
GGGregory Goyle
72%
PPPadma Patil
72%
VCVincent Crabbe
72%
FFFilius Flitwick
71.9%
Initials Character % Correct
VKViktor Krum
71.1%
BLBellatrix Lestrange
70.8%
PPParvati Patil
69.8%
HHedwig
69.6%
NTNymphadora Tonks
69.4%
BBuckBeak
69.1%
PSPomona Sprout
68.9%
KKreacher
68.6%
CCCho Chang
68.1%
DUDolores Umbridge
66.6%
AJAngelina Johnson
66.5%
GLGilderoy Lockhart
65.6%
FDFleur Delacour
65.5%
CCrookshanks
65%
AFArgus Filch
64.3%
CFCornelius Fudge
64.2%
AMAlastor Moody
63.4%
HSHorace Slughorn
63%
TTrevor
62.9%
IKIgor Karkaroff
60.9%
ASAlicia Spinnet
60.5%
MMMoaning Myrtle
60%
SSStan Shunpike
59.3%
SSSalazar Slytherin
59%
GGGodric Gryffindor
58.7%
NHNNearly Headless Nick
58.6%
RRRowena Ravenclaw
57.8%
FFluffy
57.8%
HHHelga Hufflepuff
56.7%
MFMundungus Fletcher
56.6%
STSybill Trelawney
55.5%
KSKingsley Shacklebolt
55%
ADAmos Diggory
54.9%
OMOlympe Maxime
52.6%
PPPansy Parkinson
52%
AFArabella Figg
50.6%
QQQuirinus Quirrell
45.8%
PPPoppy Pomfrey
45.7%
RSRufus Scrimgeour
42.7%
BCBartemius Crouch
33.4%

You're not logged in!

Compare scores with friends on all Sporcle quizzes.
OR
Log In

From the Vault

Begins and Ends: Best Pictures

by BanjoZebra

Some of these Best Picture winners could do with a little editing anyway.
Remove Ads.
Support Sporcle.
Get the best of Sporcle when you Go Orange. This ad-free experience offers more features, more stats, and more fun while also helping to support Sporcle. Thank you for becoming a member.

Show Comments

Extras

Created Feb 14, 2011ReportNominate
Tags:Harry Potter Quiz

Top Quizzes Today


Score Distribution

Your Account Isn't Verified!

In order to create a playlist on Sporcle, you need to verify the email address you used during registration. Go to your Sporcle Settings to finish the process.

Report this User

Report this user for behavior that violates our Community Guidelines.

Details: